[Event "Kiel op 35th"]
[Site "Kiel"]
[Date "2023.07.29"]
[Round "1"]
[White "Horn, Peter"]
[Black "Malinowsky, Celina"]
[Result "1-0"]
[WhiteElo "2085"]
[BlackElo "1518"]
[PlyCount "63"]
[EventDate "2023.07.29"]
[EventType "swiss"]
[EventRounds "9"]
[EventCountry "GER"]
[SourceTitle "CBM 215 Extra"]
[Source "ChessBase"]
[SourceDate "2023.09.30"]
[SourceVersion "1"]
[SourceVersionDate "2023.09.30"]
[SourceQuality "1"]

1. c4 b6 2. e4 Bb7 3. Nc3 e6 4. g3 Bb4 5. Nge2 f5 6. Bg2 Nf6 7. 0-0 0-0 8. d3 Bxc3 9. Nxc3 d6 10. Qe2 Kh8 11. exf5 Bxg2 12. Kxg2 exf5 13. Qf3 Nbd7 14. Qxf5 Ne5 15. Bg5 Qe8 16. Bxf6 Rxf6 17. Qe4 Re6 18. Rae1 Rh6 19. f4 Qc8 20. fxe5 Qh3+ 21. Kf3 Qh5+ 22. Ke3 Qg5+ 23. Qf4 Qxf4+ 24. Rxf4 Re8 25. Re2 Rxe5+ 26. Re4 Rxe4+ 27. Nxe4 Kg8 28. Kd4 Rh5 29. b4 Kf7 30. b5 Ke6 31. Nc3+ Kd7 32. Nd5 1-0

[Event "Kiel op 35th"]
[Site "Kiel"]
[Date "2023.07.29"]
[Round "2"]
[White "Plichta, Rainer"]
[Black "Horn, Peter"]
[Result "0-1"]
[WhiteElo "1773"]
[BlackElo "2085"]
[PlyCount "98"]
[EventDate "2023.07.29"]
[EventType "swiss"]
[EventRounds "9"]
[EventCountry "GER"]
[SourceTitle "CBM 215 Extra"]
[Source "ChessBase"]
[SourceDate "2023.09.30"]
[SourceVersion "1"]
[SourceVersionDate "2023.09.30"]
[SourceQuality "1"]

1. d4 d5 2. c4 e6 3. Nf3 Nf6 4. Bg5 Bb4+ 5. Bd2 Be7 6. g3 0-0 7. Bg2 Nc6 8. 0-0 dxc4 9. e3 Rb8 10. Nc3 b5 11. Ng5 Nb4 12. Nge4 Nbd5 13. Nxf6+ Nxf6 14. Ne4 Nxe4 15. Bxe4 Bb7 16. Bxb7 Rxb7 17. Qf3 Qd5 18. Qxd5 exd5 19. a3 f5 20. f3 c6 21. h4 Re8 22. Rfe1 Bd6 23. Kg2 Kf7 24. Re2 Rbe7 25. Rae1 Re6 26. Kf2 a6 27. f4 Ra8 28. Ba5 Ke7 29. Kf3 h5 30. Ra1 Kd7 31. Bb4 a5 32. Bxd6 Kxd6 33. Rc2 Rae8 34. Re2 c5 35. Rd1 cxd4 36. Rxd4 Kc5 37. Kf2 Re4 38. Red2 Rxd4 39. Rxd4 b4 40. axb4+ axb4 41. Ke2 Ra8 42. Rd2 Ra1 43. Rc2 Rh1 44. Kf3 b3 45. Rd2 Rc1 46. Ke2 c3 47. bxc3 Kc4 48. Rd4+ Kxc3 49. Rxd5 b2 0-1

[Event "Arco Christmas op 10th"]
[Site "Arco"]
[Date "2019.12.30"]
[Round "7"]
[White "Modi, Yashil"]
[Black "Horn, Peter"]
[Result "1/2-1/2"]
[WhiteElo "1947"]
[BlackElo "2155"]
[PlyCount "49"]
[EventDate "2019.12.26"]
[EventType "swiss"]
[EventRounds "7"]
[EventCountry "ITA"]
[SourceTitle "CBM 194 Extra"]
[Source "ChessBase"]
[SourceDate "2020.03.31"]
[SourceVersion "1"]
[SourceVersionDate "2020.03.31"]
[SourceQuality "1"]

1. d4 f5 2. Nf3 Nf6 3. g3 e6 4. Bg2 d5 5. 0-0 Bd6 6. c4 c6 7. b3 Qe7 8. Bb2 0-0 9. Nbd2 Ne4 10. Ne5 Nd7 11. Nd3 b6 12. Nf3 Bb7 13. Rc1 c5 14. e3 dxc4 15. bxc4 Rac8 16. Qa4 Rc7 17. Rfd1 Rfc8 18. Nfe5 cxd4 19. Bxd4 Nxe5 20. Nxe5 Bxe5 21. Bxe5 Bc6 22. Qc2 Rd7 23. Rxd7 Qxd7 24. Rd1 Qe7 25. Qd3 1/2-1/2

[Event "Arco Christmas op 10th"]
[Site "Arco"]
[Date "2019.12.29"]
[Round "6"]
[White "Horn, Peter"]
[Black "Mortola, Alberto"]
[Result "1/2-1/2"]
[WhiteElo "2155"]
[BlackElo "1938"]
[PlyCount "69"]
[EventDate "2019.12.26"]
[EventType "swiss"]
[EventRounds "7"]
[EventCountry "ITA"]
[SourceTitle "CBM 194 Extra"]
[Source "ChessBase"]
[SourceDate "2020.03.31"]
[SourceVersion "1"]
[SourceVersionDate "2020.03.31"]
[SourceQuality "1"]

1. d4 b5 2. e4 a6 3. Bd3 Bb7 4. a4 Nf6 5. Nd2 e6 6. Ngf3 b4 7. e5 Nd5 8. Ne4 Be7 9. 0-0 d6 10. Re1 Nd7 11. c4 bxc3 12. bxc3 dxe5 13. dxe5 Nc5 14. Nxc5 Bxc5 15. Be4 Rb8 16. Rb1 Bc6 17. Rxb8 Qxb8 18. Qc2 Qb6 19. Nd4 Bxd4 20. cxd4 Nb4 21. Bxc6+ Qxc6 22. Qb3 a5 23. Bd2 0-0 24. Rc1 Qb6 25. Qc4 Nd5 26. Qc5 Rb8 27. g3 h6 28. Bxa5 Qxc5 29. Rxc5 Ra8 30. Kf1 Kh7 31. Ke2 Kg6 32. Kd3 Kf5 33. f3 h5 34. Kc4 c6 35. Kd3 1/2-1/2

[Event "Arco Christmas op 9th"]
[Site "Arco"]
[Date "2018.12.27"]
[Round "3"]
[White "Damia, Angelo"]
[Black "Horn, Peter"]
[Result "1-0"]
[WhiteElo "2261"]
[BlackElo "2111"]
[PlyCount "41"]
[EventDate "2018.12.26"]
[EventType "swiss"]
[EventRounds "7"]
[EventCountry "ITA"]
[SourceTitle "CBM 188 Extra"]
[Source "ChessBase"]
[SourceDate "2019.02.26"]
[SourceVersion "1"]
[SourceVersionDate "2019.02.26"]
[SourceQuality "1"]

1. e4 e6 2. d4 d5 3. Nc3 Bb4 4. exd5 exd5 5. Qf3 Qe7+ 6. Nge2 Nf6 7. Bg5 Nbd7 8. 0-0-0 c6 9. Ng3 Bxc3 10. Qxc3 0-0 11. Re1 Qd6 12. Nf5 Qc7 13. Bd3 h6 14. Bxh6 gxh6 15. Qd2 Nh5 16. Nxh6+ Kh8 17. Nxf7+ Rxf7 18. Qh6+ Kg8 19. Bh7+ Rxh7 20. Re8+ Kf7 21. Qe6+ 1-0

[Event "Kiel op 31st"]
[Site "Kiel"]
[Date "2018.07.29"]
[Round "3"]
[White "Weber, Jannis"]
[Black "Horn, Peter"]
[Result "1/2-1/2"]
[WhiteElo "1890"]
[BlackElo "2112"]
[PlyCount "177"]
[EventDate "2018.07.28"]
[EventType "swiss"]
[EventRounds "9"]
[EventCountry "GER"]
[SourceTitle "CBM 185 Extra"]
[Source "ChessBase"]
[SourceDate "2018.07.29"]
[SourceVersion "1"]
[SourceVersionDate "2018.07.29"]
[SourceQuality "1"]

1. e4 e6 2. d4 d5 3. Nd2 Be7 4. c3 c5 5. e5 Nc6 6. Bd3 Qb6 7. Ndf3 cxd4 8. cxd4 f6 9. exf6 Nxf6 10. Ne2 0-0 11. 0-0 Bd6 12. Rb1 Nb4 13. Bf4 Nxd3 14. Qxd3 Bxf4 15. Nxf4 Ne4 16. Ne2 Bd7 17. Nc3 Nd6 18. Rfe1 Rae8 19. b3 Bb5 20. Nxb5 Qxb5 21. Qxb5 Nxb5 22. a4 Nd6 23. Rbc1 Re7 24. Rc2 Rf4 25. Rce2 Re4 26. Rxe4 Nxe4 27. Rc1 Nd6 28. Ne5 g5 29. g4 Kg7 30. f3 Kf6 31. Kf2 Nf7 32. Nxf7 Rxf7 33. Rc5 Rd7 34. Ke3 e5 35. Rc8 exd4+ 36. Kxd4 Ke6 37. Re8+ Kf6 38. Rf8+ Kg6 39. Rf5 Rc7 40. Rxd5 Rf7 41. Ke3 Re7+ 42. Kf2 b6 43. Rd6+ Kg7 44. b4 Rc7 45. b5 h6 46. Rc6 Rb7 47. Re6 Rc7 48. Re4 Kf6 49. h3 Rc2+ 50. Kg3 Rc7 51. Rd4 Ke5 52. Rd8 Kf6 53. Rd6+ Kg7 54. Rc6 Rd7 55. a5 bxa5 56. Ra6 Rb7 57. Rxa5 Rc7 58. Ra3 Rb7 59. Ra5 Rc7 60. h4 Kg6 61. Ra6+ Kg7 62. Rc6 Rf7 63. Rc5 Kg6 64. hxg5 hxg5 65. Kf2 Re7 66. Rd5 Kf6 67. Rf5+ Kg6 68. Rc5 Kf6 69. Rc6+ Kg7 70. Ra6 Rb7 71. Ke3 Rxb5 72. Rxa7+ Kf6 73. Ra6+ Kf7 74. Rd6 Re5+ 75. Kd4 Re1 76. Rd5 Kf6 77. Rf5+ Kg6 78. Kd5 Re3 79. Kd6 Rd3+ 80. Ke5 Re3+ 81. Kd4 Ra3 82. Ke4 Ra4+ 83. Ke3 Ra3+ 84. Kf2 Ra2+ 85. Kg3 Ra3 86. Rb5 Kf6 87. Rb6+ Kf7 88. Kf2 Kg7 89. Rb5 1/2-1/2

[Event "Arco Christmas op 8th"]
[Site "Arco"]
[Date "2017.12.29"]
[Round "6"]
[White "Viola, Enrico"]
[Black "Horn, Peter"]
[Result "0-1"]
[WhiteElo "1863"]
[BlackElo "2111"]
[PlyCount "140"]
[EventDate "2017.12.26"]
[EventType "swiss"]
[EventRounds "7"]
[EventCountry "ITA"]
[SourceTitle "CBM 182 Extra"]
[Source "ChessBase"]
[SourceDate "2018.02.23"]
[SourceVersion "1"]
[SourceVersionDate "2018.02.23"]
[SourceQuality "1"]

1. d4 Nf6 2. Nf3 d5 3. g3 c6 4. Bg2 Bf5 5. 0-0 e6 6. b3 Nbd7 7. Bb2 Be7 8. Nbd2 Ne4 9. c4 h5 10. h4 Qc7 11. Nxe4 Bxe4 12. cxd5 exd5 13. Ne5 Bxg2 14. Kxg2 Bd6 15. Nxd7 Qxd7 16. Qd3 0-0 17. e4 dxe4 18. Qxe4 f5 19. Qe2 Qf7 20. f4 Rfe8 21. Qf3 Re4 22. Rfe1 Rae8 23. Bc3 Qd5 24. Rxe4 fxe4 25. Qe3 Be7 26. Re1 Bf6 27. Kf2 g6 28. Re2 Bd8 29. Kg2 Bb6 30. Kh2 Re6 31. Rd2 a6 32. Re2 Kf7 33. f5 gxf5 34. Qg5 Rg6 35. Qxh5 Bc7 36. Qh7+ Rg7 37. Qh5+ Ke7 38. Bb4+ Kd7 39. Be1 f4 40. Qxd5+ cxd5 41. gxf4 Bxf4+ 42. Kh1 Ke6 43. Rc2 e3 44. Rg2 Rc7 45. Re2 Kf5 46. Bg3 Bxg3 47. Rxe3 Bf4 48. Re2 Rh7 49. Kg2 Rxh4 50. Re7 b5 51. a4 Rh2+ 52. Kf3 Rh3+ 53. Kg2 bxa4 54. Kxh3 axb3 55. Rb7 a5 56. Rxb3 Ke4 57. Kg4 Bd2 58. Rb8 Kxd4 59. Kf3 Kd3 60. Rb3+ Bc3 61. Ra3 d4 62. Ra2 Kc4 63. Rh2 a4 64. Ke2 a3 65. Kd1 Kb3 66. Kc1 a2 67. Rxa2 Kxa2 68. Kc2 Ka3 69. Kd1 Kb2 70. Ke2 Kc2 0-1

[Event "Arco Christmas op 8th"]
[Site "Arco"]
[Date "2017.12.27"]
[Round "2"]
[White "Schaberg, Wolfgang"]
[Black "Horn, Peter"]
[Result "1/2-1/2"]
[WhiteElo "1843"]
[BlackElo "2111"]
[PlyCount "63"]
[EventDate "2017.12.26"]
[EventType "swiss"]
[EventRounds "7"]
[EventCountry "ITA"]
[SourceTitle "CBM 182 Extra"]
[Source "ChessBase"]
[SourceDate "2018.02.23"]
[SourceVersion "1"]
[SourceVersionDate "2018.02.23"]
[SourceQuality "1"]

1. e4 e6 2. d4 d5 3. Nd2 a6 4. Bd3 c5 5. c3 Nc6 6. Ne2 cxd4 7. cxd4 dxe4 8. Bxe4 Nxd4 9. Qa4+ Nb5 10. 0-0 Nf6 11. Bf3 Bd6 12. Nc4 Bc7 13. Be3 0-0 14. Rfd1 Nd5 15. Bc5 Re8 16. Ne3 Bxh2+ 17. Kxh2 Qc7+ 18. Kg1 Qxc5 19. Nxd5 exd5 20. Rxd5 Qb6 21. Nd4 Be6 22. Nxe6 Qxe6 23. Rad1 g6 24. Qf4 Re7 25. a4 Na7 26. Rd6 Qb3 27. Qf6 Rae8 28. Rd8 Qe6 29. Rxe8+ Rxe8 30. Qxe6 Rxe6 31. Rd7 Nc6 32. Rxb7 1/2-1/2

[Event "Kiel op 30th"]
[Site "Kiel"]
[Date "2017.08.01"]
[Round "6"]
[White "Horn, Peter"]
[Black "Dittmann, Hans Adolf"]
[Result "1/2-1/2"]
[WhiteElo "2094"]
[BlackElo "2073"]
[PlyCount "152"]
[EventDate "2017.07.29"]
[EventType "swiss"]
[EventRounds "9"]
[EventCountry "GER"]
[SourceTitle "EXT 2018"]
[Source "ChessBase"]
[SourceDate "2017.10.13"]
[SourceVersion "1"]
[SourceVersionDate "2017.10.13"]
[SourceQuality "1"]

1. Nf3 Nf6 2. c4 d6 3. d4 g6 4. Nc3 Bg7 5. e4 0-0 6. h3 e5 7. d5 Nbd7 8. Be3 Nc5 9. Nd2 a5 10. g4 Bd7 11. Be2 a4 12. a3 Ne8 13. Qc2 Bf6 14. h4 Bxh4 15. Nf3 Bf6 16. g5 Bg7 17. 0-0-0 Nb3+ 18. Kb1 c5 19. dxc6 bxc6 20. Rh4 c5 21. Rdh1 f5 22. Rxh7 fxe4 23. Nxe4 Bf5 24. Bd3 Nd4 25. Nxd4 cxd4 26. Bc1 Qe7 27. f3 Qe6 28. Qh2 Rb8 29. Ka1 Rb3 30. Qe2 Rxd3 31. Qxd3 d5 32. cxd5 Qxd5 33. R7h2 Be6 34. b3 axb3 35. Bb2 Bf5 36. Qa6 Qe6 37. Qb5 Nd6 38. Nxd6 Qxd6 39. Qxb3+ Be6 40. Qb7 Bf7 41. Qe4 Qd5 42. Kb1 Qa2+ 43. Kc1 Rc8+ 44. Rc2 Rb8 45. Rhh2 Qb3 46. Rc7 Rd8 47. Rhc2 Qb5 48. Rd2 Qb6 49. Qc2 Bd5 50. Rd3 Qe6 51. Qc5 Bf8 52. Qa5 Qf5 53. Rg7+ Kxg7 54. Qxd8 Bf7 55. Kd2 Bc4 56. Qc7+ Bf7 57. Qd8 Qf4+ 58. Kc2 Qh2+ 59. Rd2 Qf4 60. Qf6+ Qxf6 61. gxf6+ Kxf6 62. f4 Bc5 63. fxe5+ Kxe5 64. Kd3 Be6 65. Rg2 Kd5 66. Rh2 Bf5+ 67. Kd2 Kc4 68. Rh8 Bd6 69. Rd8 Bf4+ 70. Ke1 Be3 71. a4 Bc2 72. a5 d3 73. a6 d2+ 74. Rxd2 Bxd2+ 75. Kxd2 Be4 76. Ke3 Ba8 1/2-1/2

[Event "Kiel op 30th"]
[Site "Kiel"]
[Date "2017.07.30"]
[Round "3"]
[White "Jahncke, Giso"]
[Black "Horn, Peter"]
[Result "1-0"]
[WhiteElo "2340"]
[BlackElo "2094"]
[PlyCount "47"]
[EventDate "2017.07.29"]
[EventType "swiss"]
[EventRounds "9"]
[EventCountry "GER"]
[SourceTitle "EXT 2018"]
[Source "ChessBase"]
[SourceDate "2017.10.13"]
[SourceVersion "1"]
[SourceVersionDate "2017.10.13"]
[SourceQuality "1"]

1. Nf3 Nf6 2. c4 e6 3. g3 d5 4. d4 dxc4 5. Bg2 Nbd7 6. 0-0 Rb8 7. a4 a6 8. a5 Bd6 9. Nbd2 b5 10. axb6 cxb6 11. Nxc4 Bc7 12. Bd2 b5 13. Na5 Rb6 14. Qc2 Bd6 15. Rfc1 0-0 16. Nc6 Qe8 17. Ba5 Rb7 18. Nfe5 Nd5 19. e4 N5b6 20. Nxd7 Qxd7 21. e5 Bb8 22. Bb4 Re8 23. Nxb8 Rxb8 24. Bc6 1-0

[Event "GER-chT Seniors 25th"]
[Site "Magdeburg"]
[Date "2016.10.09"]
[Round "1.1"]
[White "Horn, Peter"]
[Black "Ruemmler, Roland"]
[Result "1/2-1/2"]
[WhiteElo "2101"]
[BlackElo "1967"]
[PlyCount "104"]
[EventDate "2016.10.09"]
[EventType "team-swiss"]
[EventRounds "7"]
[EventCountry "GER"]
[SourceTitle "EXT 2019"]
[Source "ChessBase"]
[SourceDate "2018.10.10"]
[SourceVersion "1"]
[SourceVersionDate "2018.10.10"]
[SourceQuality "1"]
[WhiteTeam "Hamburg"]
[BlackTeam "Sachsen Anhalt III"]
[WhiteTeamCountry "GER"]
[BlackTeamCountry "GER"]

1. c4 Nf6 2. g3 g6 3. Bg2 Bg7 4. Nc3 0-0 5. e4 d6 6. Nge2 c5 7. d3 Nc6 8. h3 a6 9. Be3 Rb8 10. a4 Bd7 11. 0-0 Qc8 12. Kh2 Ne5 13. Rb1 b5 14. cxb5 axb5 15. axb5 Bxb5 16. Nxb5 Rxb5 17. Qd2 Rb3 18. Nc3 Qa6 19. Rfd1 Rfb8 20. d4 cxd4 21. Bxd4 Nfd7 22. Nd5 e6 23. Ne3 Qb5 24. Qc2 h5 25. Qc7 Qe2 26. Kg1 Nd3 27. Rxd3 Qxd3 28. Rd1 Qb5 29. Bxg7 Kxg7 30. Rxd6 Nf6 31. Rd2 Rxb2 32. Rxb2 Qxb2 33. e5 Ne8 34. Qc5 Qb4 35. Qc6 Qb1+ 36. Bf1 Qb7 37. Qc5 Rc8 38. Qd4 Qc7 39. Nc4 Kg8 40. h4 Rd8 41. Qe3 Rd1 42. Qf4 Ng7 43. Ne3 Ra1 44. g4 hxg4 45. Nxg4 Qc1 46. Nh6+ Kh7 47. Qxc1 Rxc1 48. Nxf7 Kg8 49. Nh6+ Kf8 50. Kg2 Nf5 51. Nxf5 gxf5 52. f4 Rc3 1/2-1/2

[Event "Kiel op-A 29th"]
[Site "Kiel"]
[Date "2016.08.01"]
[Round "5"]
[White "Horn, Peter"]
[Black "Arndt, Magnus"]
[Result "1/2-1/2"]
[WhiteElo "2121"]
[BlackElo "1870"]
[PlyCount "64"]
[EventDate "2016.07.30"]
[EventType "swiss"]
[EventRounds "9"]
[EventCountry "GER"]
[SourceTitle "CBM 173 Extra"]
[Source "ChessBase"]
[SourceDate "2016.08.29"]
[SourceVersion "1"]
[SourceVersionDate "2016.08.29"]
[SourceQuality "1"]

1. d4 Nf6 2. Nf3 e6 3. e3 b6 4. Bd3 Bb7 5. 0-0 Be7 6. c4 0-0 7. Nc3 c5 8. d5 d6 9. e4 Nbd7 10. dxe6 fxe6 11. Ng5 Qc8 12. Nxe6 Rf7 13. f4 h6 14. Nd5 Nf8 15. Nec7 Bxd5 16. Nxd5 Nxd5 17. exd5 Bf6 18. Qc2 Bd4+ 19. Kh1 Qd8 20. Bd2 Qf6 21. Bc3 Bxc3 22. bxc3 Re8 23. g3 Rfe7 24. Qd2 Re3 25. Rae1 Qe7 26. Rxe3 Qxe3 27. Qxe3 Rxe3 28. Rd1 Nd7 29. Kg2 Nf6 30. Kf2 Ng4+ 31. Kg2 Nf6 32. Kf2 Ng4+ 1/2-1/2

[Event "Kiel op-A 29th"]
[Site "Kiel"]
[Date "2016.07.30"]
[Round "2"]
[White "Ernst, Thomas"]
[Black "Horn, Peter"]
[Result "1-0"]
[WhiteElo "2357"]
[BlackElo "2121"]
[PlyCount "67"]
[EventDate "2016.07.30"]
[EventType "swiss"]
[EventRounds "9"]
[EventCountry "GER"]
[SourceTitle "CBM 173 Extra"]
[Source "ChessBase"]
[SourceDate "2016.08.29"]
[SourceVersion "1"]
[SourceVersionDate "2016.08.29"]
[SourceQuality "1"]

1. e4 e6 2. d4 d5 3. Nc3 Nf6 4. Bg5 Bb4 5. e5 h6 6. Be3 Ne4 7. Qg4 g6 8. a3 Bxc3+ 9. bxc3 c5 10. Bd3 Qa5 11. Ne2 h5 12. Qf4 g5 13. Qf3 cxd4 14. Bxd4 Nc6 15. 0-0 g4 16. Qf4 Nxd4 17. cxd4 Qd2 18. Qxd2 Nxd2 19. Rfd1 Nc4 20. Bxc4 dxc4 21. Rab1 b6 22. Rb4 Ba6 23. Nc3 Ke7 24. d5 Rhc8 25. d6+ Kd8 26. Ne4 Bb7 27. Nf6 Rc5 28. Re1 Rac8 29. h3 Ra5 30. hxg4 hxg4 31. Re3 Rcc5 32. Nxg4 Kd7 33. f4 c3 34. Nf6+ 1-0

[Event "GER-chT Seniors 24th"]
[Site "Berlin"]
[Date "2015.09.11"]
[Round "6.2"]
[White "Jergler, Karl Heinz"]
[Black "Horn, Peter"]
[Result "1-0"]
[WhiteElo "2213"]
[BlackElo "2110"]
[PlyCount "69"]
[EventDate "2015.09.06"]
[EventType "team-swiss"]
[EventRounds "7"]
[EventCountry "GER"]
[SourceTitle "EXT 2018"]
[Source "ChessBase"]
[SourceDate "2017.10.13"]
[SourceVersion "1"]
[SourceVersionDate "2017.10.13"]
[SourceQuality "1"]
[WhiteTeam "Bayern Seniors"]
[BlackTeam "Hamburg Seniors"]
[WhiteTeamCountry "GER"]
[BlackTeamCountry "GER"]

1. e4 e6 2. d4 d5 3. Nc3 Nf6 4. Bg5 Bb4 5. e5 h6 6. Bd2 Bxc3 7. bxc3 Ne4 8. Qg4 Kf8 9. h4 c5 10. Bd3 Nxd2 11. Kxd2 Nc6 12. Rh3 c4 13. Be2 Bd7 14. Rg3 Rg8 15. Nh3 Ne7 16. Rf3 Nf5 17. g3 Qb6 18. Qf4 Be8 19. h5 Ke7 20. g4 Nh4 21. Rg3 Kd7 22. Rgg1 Qd8 23. Qg3 g6 24. Qf4 g5 25. Qf6 Qxf6 26. exf6 Kd6 27. f4 Bd7 28. Ke3 Rae8 29. Rae1 gxf4+ 30. Kxf4 e5+ 31. Kg3 Nf5+ 32. Kf2 Nh4 33. dxe5+ Rxe5 34. Bd1 Ke6 35. Kg3 1-0

[Event "GER-chT Seniors 24th"]
[Site "Berlin"]
[Date "2015.09.10"]
[Round "5.3"]
[White "Villing, Dieter"]
[Black "Horn, Peter"]
[Result "1/2-1/2"]
[WhiteElo "2103"]
[BlackElo "2110"]
[PlyCount "44"]
[EventDate "2015.09.06"]
[EventType "team-swiss"]
[EventRounds "7"]
[EventCountry "GER"]
[SourceTitle "EXT 2018"]
[Source "ChessBase"]
[SourceDate "2017.10.13"]
[SourceVersion "1"]
[SourceVersionDate "2017.10.13"]
[SourceQuality "1"]
[WhiteTeam "Hessen Seniors"]
[BlackTeam "Berlin"]
[WhiteTeamCountry "GER"]
[BlackTeamCountry "GER"]

1. d4 Nf6 2. Nc3 d5 3. Bg5 Nbd7 4. Qd3 c6 5. e4 dxe4 6. Nxe4 Nxe4 7. Qxe4 Qa5+ 8. Bd2 Qd5 9. Qxd5 cxd5 10. Nf3 e6 11. c4 dxc4 12. Bxc4 Bd6 13. 0-0 0-0 14. Rfe1 Nb6 15. Bb3 Bd7 16. Ne5 Ba4 17. Nc4 Nxc4 18. Bxc4 Rac8 19. Rac1 Bc6 20. a3 h6 21. Be3 Rfd8 22. Be2 Bd5 1/2-1/2

[Event "GER-chT Seniors 24th"]
[Site "Berlin"]
[Date "2015.09.09"]
[Round "4.3"]
[White "Horn, Peter"]
[Black "Adibekian, Roubik"]
[Result "1-0"]
[WhiteElo "2110"]
[BlackElo "2210"]
[PlyCount "116"]
[EventDate "2015.09.06"]
[EventType "team-swiss"]
[EventRounds "7"]
[EventCountry "GER"]
[SourceTitle "EXT 2018"]
[Source "ChessBase"]
[SourceDate "2017.10.13"]
[SourceVersion "1"]
[SourceVersionDate "2017.10.13"]
[SourceQuality "1"]

1. c4 e5 2. Nc3 f5 3. d4 e4 4. Nh3 Nf6 5. e3 Be7 6. Be2 0-0 7. Nf4 c6 8. h4 d6 9. d5 c5 10. b3 Na6 11. Bb2 Nc7 12. Qc2 Bd7 13. h5 Nfe8 14. 0-0-0 Bf6 15. Rdg1 Rb8 16. g4 Qe7 17. gxf5 Bxf5 18. Bg4 Bxg4 19. Rxg4 Bxc3 20. Bxc3 Nf6 21. Rg2 Kf7 22. Rhg1 Rg8 23. Nh3 Rbf8 24. Ng5+ Ke8 25. Bxf6 gxf6 26. Nxe4 Rxg2 27. Rxg2 f5 28. Ng3 f4 29. exf4 Kd8 30. f5 Qe5 31. Kd1 Re8 32. Ne2 b5 33. Rg3 Qa1+ 34. Kd2 Qf1 35. Re3 Qxf2 36. Rxe8+ Nxe8 37. cxb5 Qf3 38. Nc3 Nf6 39. Qd3 Qxh5 40. Qg3 Qh6+ 41. Kc2 Kc7 42. b6+ axb6 43. Nb5+ Kb7 44. Qxd6 Qg7 45. Qc6+ Kb8 46. Qxb6+ Kc8 47. Qxc5+ Kd8 48. Qb6+ Ke7 49. d6+ Kf8 50. Qd8+ Ne8 51. Nc7 Qg2+ 52. Kd3 Qf3+ 53. Kd4 Qf4+ 54. Kc5 Qxf5+ 55. Kb6 Qf2+ 56. Kb7 Qf3+ 57. Kb8 Qc6 58. Qe7+ Kg8 1-0

[Event "Kiel op 28th"]
[Site "Kiel"]
[Date "2015.07.30"]
[Round "8"]
[White "Horn, Peter"]
[Black "Lorenzen, Jan Hendrik"]
[Result "1/2-1/2"]
[WhiteElo "2110"]
[BlackElo "2018"]
[PlyCount "82"]
[EventDate "2015.07.25"]
[EventType "swiss"]
[EventRounds "9"]
[EventCountry "GER"]
[SourceTitle "CBM 167 Extra"]
[Source "ChessBase"]
[SourceDate "2015.09.14"]
[SourceVersion "1"]
[SourceVersionDate "2015.09.14"]
[SourceQuality "1"]

1. c4 f5 2. g3 Nf6 3. Bg2 e6 4. Nf3 Be7 5. 0-0 0-0 6. d3 d6 7. Nc3 c6 8. b4 Ne8 9. Qb3 Kh8 10. e4 e5 11. d4 fxe4 12. Nxe4 d5 13. cxd5 cxd5 14. Nc3 e4 15. Ne5 Nc7 16. Be3 Nc6 17. b5 Nxe5 18. dxe5 Be6 19. Rad1 Qe8 20. Qb2 b6 21. f3 exf3 22. Bxf3 Rd8 23. a4 Rxf3 24. Rxf3 Bg4 25. Rff1 Bxd1 26. Nxd1 d4 27. Bf4 Bc5 28. Kg2 Qe6 29. Qe2 Nd5 30. Qf3 h6 31. Nf2 Ne3+ 32. Bxe3 dxe3 33. Ng4 Rf8 34. Qe2 Rxf1 35. Kxf1 Qf5+ 36. Kg2 Qe4+ 37. Qf3 Qc2+ 38. Kh3 e2 39. Nf6 gxf6 40. Qxf6+ Kg8 41. Qe6+ Kf8 1/2-1/2

[Event "Kiel op 28th"]
[Site "Kiel"]
[Date "2015.07.25"]
[Round "1"]
[White "Goetz, Dirk"]
[Black "Horn, Peter"]
[Result "0-1"]
[WhiteElo "1798"]
[BlackElo "2110"]
[PlyCount "66"]
[EventDate "2015.07.25"]
[EventType "swiss"]
[EventRounds "9"]
[EventCountry "GER"]
[SourceTitle "CBM 167 Extra"]
[Source "ChessBase"]
[SourceDate "2015.09.14"]
[SourceVersion "1"]
[SourceVersionDate "2015.09.14"]
[SourceQuality "1"]

1. d4 Nf6 2. Nf3 c5 3. e3 g6 4. g3 Bg7 5. Bg2 0-0 6. 0-0 Qc7 7. c3 d6 8. Re1 e5 9. dxe5 dxe5 10. e4 a6 11. Qc2 b5 12. Nbd2 Bb7 13. Nf1 Nbd7 14. b3 Rfd8 15. Bb2 c4 16. N3d2 Nc5 17. bxc4 Nd3 18. Ne3 Nxe1 19. Rxe1 bxc4 20. Nexc4 a5 21. Ba3 Bf8 22. Bxf8 Kxf8 23. Rb1 Bc6 24. h3 Kg7 25. Ne3 Rab8 26. Rxb8 Qxb8 27. c4 Nd7 28. Nd5 f6 29. Qc3 Qa7 30. Qa3 Qc5 31. Qxc5 Nxc5 32. Bf1 Kf7 33. Be2 Rb8 0-1

[Event "Kiel op-A 26th"]
[Site "Kiel"]
[Date "2013.08.01"]
[Round "8"]
[White "Krause, Benedict"]
[Black "Horn, Peter"]
[Result "1-0"]
[WhiteElo "2128"]
[BlackElo "2142"]
[PlyCount "37"]
[EventDate "2013.07.27"]
[EventType "swiss"]
[EventRounds "9"]
[EventCountry "GER"]
[SourceTitle "EXT 2018"]
[Source "ChessBase"]
[SourceDate "2017.10.13"]
[SourceVersion "1"]
[SourceVersionDate "2017.10.13"]
[SourceQuality "1"]

1. e4 e6 2. d4 d5 3. Nc3 Nf6 4. e5 Nfd7 5. f4 c5 6. Nf3 Nc6 7. Be3 Be7 8. Qd2 0-0 9. Be2 b6 10. 0-0 f5 11. exf6 Bxf6 12. Rad1 Bb7 13. Kh1 Ne7 14. Bg1 a6 15. Qe3 Kh8 16. Qxe6 Re8 17. Qh3 Bc8 18. Ng5 Bxg5 19. fxg5 1-0